000
00291nam a22001217a 4500
040
_c
HS
082
_a
543
110
_a
NA
245
_a
Certificate in quality assurance Quality assessment techniques
260
_a
SCHOOL OF FIDHERIES MARINE INSTITUTE
_b
NA
_c
1994
300
_a
NA
942
_c
EK
999
_c
9755
_d
9755